000 00456nam a2200145Ia 4500
003 SGT
020 _a9780070701137
082 _a005.1,ROG
100 _aROGER S PRESSMAN
245 _aSoftware engineering
260 _bTata McGraw Hill Education Private Limited
_aNew Delhi
_c2010
300 _a912p.
650 _aCOMPUTER SCIENCE,THE SOFTWARE PROCESS, SOFTWARE ENGINEERING PRACTICE APPLYING WEB ENGINEERING ,MANAGING SOFTWARE PROJECTS
942 _2ddc
_cBK
999 _c4922
_d4922